|
|
|
|
| LEADER |
00822nam a2200205 a 4500 |
| 001 |
1334506 |
| 008 |
100218s1978 bg b 000 0 eng d |
| 010 |
|
|
|a 78905634
|
| 040 |
|
|
|a DLC
|c DLC
|d DLC
|d BD-DhAAL
|
| 082 |
0 |
0 |
|a 346/.5492/013
|
| 100 |
1 |
|
|a Sobhan, Salma.
|
| 245 |
1 |
0 |
|a Legal status of women in Bangladesh /
|c Salma Sobhan.
|
| 260 |
|
|
|a Dacca :
|b Bangladesh Institute of Law and International Affairs,
|c 1978.
|
| 300 |
|
|
|a ii, 53 p. ;
|c 24 cm.
|
| 504 |
|
|
|a Includes bibliographical references.
|
| 541 |
1 |
|
|e 00000706
|
| 650 |
|
0 |
|a Women
|x Legal status, laws, etc.
|z Bangladesh.
|
| 852 |
4 |
|
|a Ayesha Abed Library
|j General shelf
|
| 999 |
|
|
|c 7625
|d 7625
|
| 952 |
|
|
|0 0
|1 0
|2 ddc
|4 0
|6 346_549201300000000_SOB_1978
|7 0
|9 8335
|a BRACUL
|b BRACUL
|c GEN
|d 2010-02-22
|g 45.00
|l 2
|o 346.5492013 SOB
|p 3010000706
|r 2019-02-02
|s 2019-01-29
|t 1
|w 2010-02-22
|y BK
|